Sports Quiz

Random Sports or Letter Quiz

Sports Word Ladder: 5 Letter Words Quiz Stats

 Plays Quiz not verified by Sporcle

Also try: Tennis Players A-Z
Challenge
Share
Tweet
Embed
Score 0/29 Timer 04:00
0 Plays Today
Hint Answer % Correct
5 cards of same suit in pokerflush
97%
Utensil used for paintingbrush
95.3%
Red cheeks from embarrassment blush
95.3%
When two nascar drivers hit each othercrash
92.3%
Movie starring Liam Neeson _______ of the Titansclash
90.5%
Nickname of NBA superstar Dwayneflash
88.8%
Water surrounding a castle (plural)moats
86.4%
Nickname of Boston NBA teamcelts
85.8%
Vehicle of a pirate or a bucanneerboats
84.6%
NFL teamcolts
83.4%
Headphones by Dr. Drebeats
81.7%
Type of jacket (plural)coats
80.5%
Bold or cockybrash
79.3%
Object boxing or wrestling champion holdsbelts
78.7%
Footwear of most WWE Superstarsboots
78.7%
Hint Answer % Correct
Achievements or accomplishmentsfeats
75.7%
Plural of surface of a pool tablefelts
75.7%
Goldish-brown metalbrass
74.6%
Vancouver Canucks or young annoying girlsbrats
74%
Former quarterback of Charges, Drewbrees
71%
Challenge after two minute warning _____ Reviewbooth
66.3%
Liquid part of soupbroth
64.5%
Beersbrews
64.5%
Eye-______ , Uni-_______brows
62.7%
Horse race, ________-er's cupbreed
61.5%
Nyjer Morgan: Tony _________plush
60.9%
Short name of german sausagebrots
58.6%
Action of blood flowing for bodybleed
49.7%
Mixture of itemsblend
43.2%

You're not logged in!

Compare scores with friends on all Sporcle quizzes.
Join for Free
OR
Log In

You Might Also Like...

Show Comments

Extras

Top Quizzes Today


Score Distribution

Your Account Isn't Verified!

In order to create a playlist on Sporcle, you need to verify the email address you used during registration. Go to your Sporcle Settings to finish the process.

Report this User

Report this user for behavior that violates our Community Guidelines.

Details: